Villes hôtes d'une finale de la Coupe du Monde - Statistiques

Statistiques générales
  • Ce quiz a été pris 155 fois
  • Le résultat moyen est 20 sur 23
Statistiques - réponses
Année Ville % Correct
1998 Paris (Saint-Denis)
98%
2018 Moscou
96%
2014 Rio de Janeiro
96%
1950 Rio de Janeiro
96%
1938 Paris
94%
1990 Rome
94%
1934 Rome
94%
2006 Berlin
93%
1966 Londres
92%
2022 Doha (Lusail)
91%
1982 Madrid
87%
2026 New York (East Rutherford)
87%
1994 Los Angeles (Pasadena)
86%
1978 Buenos Aires
84%
2010 Johannesburg
84%
1986 Mexico
84%
1970 Mexico
84%
2002 Tokyo (Yokohama)
84%
1930 Montevideo
82%
1958 Stockholm (Solna)
70%
1954 Berne
64%
1974 Munich
64%
1962 Santiago
64%
Aucun quiz correspondant
Distribution des résultats
% des personnes avec chaque résultat
Percentile par nombre de réponses
Votre historique - résultats
Vous n’avez pas pris ce quiz